000
00191 a2200097 4500
001
8563
100
_a
Iltaf Gohar
245
_a
Ayub khan
260
_a
_b
Sang-e-Meel
_c
090
_c
6890
_d
6890
942
_a
NUST-CAE
_c
M
_c
33478
999
_c
243636
_d
243636